000 00802cam a2200229 a 4500
001 3468457
005 20180227054312.0
008 930301s1994 njua b 001 0 eng
010 _a 93014976
020 _a0133276287
040 _aDLC
_cDLC
_dDLC
041 _aeng
080 _a160.285.5369 POR
082 0 0 _a160.285.5369 POR
_220
100 1 _a38
101 _aSHK
245 1 0 _aLogic with Symlog :
_cFrederic D. Portoraro, Robert E. Tully.
504 _aIncludes bibliographical references (p. 547-549) and indexes.
906 _a7
_bcbc
_corignew
_d1
_eocip
_f19
_gy-gencatlg
942 _2ddc
_cBK
999 _c43581
_d43581